Countries With an Embassy To North Korea - Statistics

General Stats
  • This quiz has been taken 88 times
  • The average score is 71 of 103
Answer Stats
Answer % Correct
China
96%
United Kingdom
93%
France
90%
Russia
89%
India
86%
Australia
85%
Canada
85%
Iran
85%
Sweden
85%
Cuba
84%
Germany
84%
South Korea
84%
Finland
82%
Kazakhstan
82%
Spain
82%
Indonesia
81%
Vietnam
81%
Brazil
79%
Cambodia
79%
Italy
79%
Laos
79%
Mexico
79%
New Zealand
79%
| Switzerland
79%
Venezuela
79%
Greece
78%
Ireland
78%
Malaysia
78%
Syria
78%
Austria
77%
Norway
77%
Portugal
77%
Turkey
77%
Chile
75%
Colombia
75%
Denmark
75%
Egypt
75%
Mongolia
75%
Pakistan
75%
South Africa
75%
Hungary
74%
Nigeria
74%
Peru
74%
Poland
74%
Thailand
74%
Albania
73%
Algeria
73%
Czechia
73%
Netherlands
73%
Oman
73%
Qatar
73%
Bangladesh
71%
Belgium
71%
Myanmar
71%
Philippines
71%
Romania
71%
Saudi Arabia
71%
Tajikistan
71%
United Arab Emirates
71%
Bulgaria
70%
Singapore
70%
Serbia
68%
Turkmenistan
67%
Slovenia
66%
Sudan
66%
Azerbaijan
64%
Iceland
64%
Libya
64%
Jordan
63%
Brunei
62%
Ethiopia
62%
Nicaragua
62%
Tunisia
62%
Lebanon
59%
Zambia
59%
Croatia
58%
Guatemala
58%
Jamaica
58%
Sri Lanka
58%
Tanzania
58%
Zimbabwe
58%
Cyprus
56%
Rwanda
56%
Mali
55%
Palestine
55%
South Sudan
55%
Central African Republic
53%
Cameroon
52%
Chad
52%
North Macedonia
52%
Benin
51%
Togo
51%
Senegal
48%
Malta
47%
Maldives
44%
Malawi
42%
Seychelles
37%
Sierra Leone
34%
Yugoslavia
27%
No matching quizzes found
Score Distribution
Percent of People with Each Score
Percentile by Number Answered
Your Score History
You have not taken this quiz